000 00645nam a2200253Ia 4500
005 20250425162136.0
008 250425s9999 xx 000 0 und d
020 _a1589061810
041 _aspa
082 _a338.5443
100 _aFONDO MONETARIO, INTERNACIONAL
245 0 _aPERSPECTIVAS DE LA ECONOMIA MUNDIAL
250 _a1A ED.
260 _aEstados Unidos
_bFONDO MONETARIO INTERNACIONAL
_c2002
260 _aWASHINGTON
300 _a265
500 _aSEPTIEMBRE
650 _aCOMERCIO
650 _aECONOMIA MUNDIAL
650 _aFINANZAS
710 _aFONDO MONETARIO INTERNACIONAL
942 _c01
010 _a52758
999 _c223174
_d223174